Another Side of Bob Dylan (Lp Cbs 62429) (Record n. 101519)

Dettagli MARC
000 -LEADER
fixed length control field 01080njm a2200289Ia 4500
001 - CONTROL NUMBER
control field 20566
003 - CONTROL NUMBER IDENTIFIER
control field IT-RoPAU
005 - DATE AND TIME OF LATEST TRANSACTION
control field 20220918181144.0
008 - FIXED-LENGTH DATA ELEMENTS--GENERAL INFORMATION
fixed length control field 131025s9999 xx 000 0 und d
040 ## - CATALOGING SOURCE
Original cataloging agency IT-RoPAU
040 ## - CATALOGING SOURCE
Transcribing agency IT-RoPAU
041 ## - LANGUAGE CODE
Language code of text/sound track or separate title INGLESE
999 ## - SYSTEM CONTROL NUMBERS (KOHA)
Koha Dewey Subclass [OBSOLETE] n.d.
100 ## - MAIN ENTRY--PERSONAL NAME
Personal name Dylan Bob
9 (RLIN) 1185
100 ## - MAIN ENTRY--PERSONAL NAME
Relator term Autore musica
9 (RLIN) 2124
100 ## - MAIN ENTRY--PERSONAL NAME
Miscellaneous information Codice autore musica SPICS: 7026
9 (RLIN) 1187
245 ## - TITLE STATEMENT
Title Another Side of Bob Dylan (Lp Cbs 62429)
250 ## - EDITION STATEMENT
Edition statement 1a ed.
260 ## - PUBLICATION, DISTRIBUTION, ETC. (IMPRINT)
Place of publication, distribution, etc. MILANO
260 ## - PUBLICATION, DISTRIBUTION, ETC. (IMPRINT)
Name of publisher, distributor, etc. CBS - SUGAR
Date of publication, distribution, etc. 1975 [1a Ed.:1967 - Ed. Lingua Orig.: 1964]
300 ## - PHYSICAL DESCRIPTION
Extent DISCO
500 ## - GENERAL NOTE
General note Cantautori americani. Musica pop
505 ## - FORMATTED CONTENTS NOTE
Formatted contents note All I Really Want To Do - Black Crow Blues - Spanish Harlem Incident - Chimes of Freedom - I Shall Be Free N. 10 - To Ramona - Motorpsycho Nitemare - My Back Pages - I Don't Believe You - Ballad in Plain D - It Ain't Me Babe
650 ## - SUBJECT ADDED ENTRY--TOPICAL TERM
Topical term or geographic name as entry element CANTAUTORI AMER [DISCHI]
Relator term Codice MATERIA SPICS: 9950
9 (RLIN) 2125
700 ## - ADDED ENTRY--PERSONAL NAME
Personal name Dylan Bob
Relator term Autore testo e musica
Miscellaneous information Codice autore testo/musica SPICS: 7026
9 (RLIN) 2126
942 ## - ADDED ENTRY ELEMENTS (KOHA)
Koha item type DISCHI
Source of classification or shelving scheme Dewey Decimal Classification
Dati di copia
Withdrawn status Lost status Damaged status Not for loan Home library Current library Date acquired Total Checkouts Full call number Date last seen Price effective from Koha item type Public note
    Buone Condizioni Not For Loan SPICS-MEDIATECA SPICS-MEDIATECA 25/10/2013   20566 25/10/2013 25/10/2013 DISCHI Progr. Ins.: 3873 / N.Vol.: 1 / Copie: 1 - Copia rara: n.d. / date import: 01.01.2014 - By Epidotti, Trombetti, Vaglietti
CREDITS: SOCIETA' SAN PAOLO Via A.Severo, 58 - ROMA (RM) & PERIODICI SAN PAOLO SRL Via Giotto, 36 MILANO & CISF Via Giotto, 36 MILANO & EDIZIONI SAN PAOLO SRL,  Piazza Soncino, 5 CINISELLO BALSAMO (MI) -- ITALY